000
00249nam a2200085Ia 4500
008
170620s9999 xx 000 0 und d
100
_a
Mahmud- Jafar
245
0
_a
Psychological Perception- Anatomy of Judgment
260
_b
New Delhi- A.P.H. Publishing corporation
260
_c
2005
999
_c
24772
_d
24772